00000000nam 2200000zi 4500
0019.946518
003CaOODSP
00520250106110615
006m     o  d f      
007cr cn ||||||||
008250106t20102010bccabo  o    f000 0|fre d
040 |aCaOODSP|bfre|erda|cCaOODSP
041 |afre|aeng
043 |an-cn---
0861 |aR62-420/2010-PDF
24500|aCanada's National Parks : |ba celebration = Les parcs nationaux du Canada : une célébration.
24611|aLes parcs nationaux du Canada : une célébration
264 1|aVancouver (Colombie-Britannique) : |b[Parcs Canada = Parks Canada], |c[2010].
264 4|c©2010
300 |a1 ressource en ligne (255 pages) : |billustrations, cartes, photographies
336 |atexte|btxt|2rdacontent/fre
337 |ainformatique|bc|2rdamedia/fre
338 |aressource en ligne|bcr|2rdacarrier/fre
500 |aÉdition numérisée de l'imprimée [par Direction des publications du gouvernement du Canada].
520 |a« Les Parcs Nationaux ont d'abord été créés pour mettre en valeur des sites spectaculaires dont la splendeur suscitait le respect et l'émerveillement pour la beauté inégalée du Canada. À l'époque, la protection de leur richesse biologique était un avantage secondaire de leur désignation. De nos jours, la création d'un parc national est motivée non seulement par des paysages à couper le souffle, mais aussi par un mandat de protection des écosystèmes pour l'appréciation et le bénéfice des Canadiens » -- Avant-propos, page 9.
546 |aTexte en français et en anglais côte à côte.
650 6|aParcs nationaux|zCanada.
7102 |aParcs Canada, |eorganisme de publication.
788 |tCanada's National Parks : |eeng|w(CaOODSP)9.945685
85640|qPDF|s365 Mo|uhttps://publications.gc.ca/collections/collection_2024/pc/R62-420-2010.pdf